Tradition and style : (Record no. 6112)

MARC details
000 -LEADER
fixed length control field 00609cam a2200229ua 4500
001 - CONTROL NUMBER
control field 6976
005 - DATE AND TIME OF LATEST TRANSACTION
control field 20260515114134.0
008 - FIXED-LENGTH DATA ELEMENTS--GENERAL INFORMATION
fixed length control field 141118n ii |||gr||||Z||||||eng
020 ## - INTERNATIONAL STANDARD BOOK NUMBER
International Standard Book Number 9788124401606
040 ## - CATALOGING SOURCE
Transcribing agency MAIN
041 ## - LANGUAGE CODE
Language code of text/sound track or separate title eng
082 ## - DEWEY DECIMAL CLASSIFICATION NUMBER
Classification number 301
100 ## - MAIN ENTRY--PERSONAL NAME
Personal name Neog, Maheswar,
Relator term Author.
245 1# - TITLE STATEMENT
Title Tradition and style :
Remainder of title Few Studies on assamese culture /
Statement of responsibility, etc. By Maheswar Neog .
250 ## - EDITION STATEMENT
Edition statement 2nd rev.
260 ## - PUBLICATION, DISTRIBUTION, ETC.
Place of publication, distribution, etc. Guwahati:
Name of publisher, distributor, etc. Chndra,
Date of publication, distribution, etc. 2011.
300 ## - PHYSICAL DESCRIPTION
Extent xix,260p.
653 ## - INDEX TERM--UNCONTROLLED
Uncontrolled term Sociology & anthropology
653 ## - INDEX TERM--UNCONTROLLED
Uncontrolled term Assamese culture
700 ## - ADDED ENTRY--PERSONAL NAME
Personal name Neog, Pranavsvarup,
Relator term Editor.
942 ## - ADDED ENTRY ELEMENTS (KOHA)
Koha item type Books
Holdings
Withdrawn status Lost status Damaged status Not for loan Home library Current library Shelving location Date acquired Total checkouts Full call number Barcode Date last seen Copy number Price effective from Koha item type
        Naharkatiya College Library Naharkatiya College Library General stacks 09/19/2020   301.0954162 | NEO 21822 09/19/2020 1 09/19/2020 Books